000 00697nam a2200265Ia 4500
003 OSt
005 20221007112140.0
006 a|||||r|||| 00| 0
007 ta
008 221006b |||||||| |||| 00| 0 eng d
024 _a25,187
037 _cTextual
040 _aLCO
_cLCO
_beng
041 _2eng
_aeng
082 _aZ2,2673, Q1
100 _aJain Shail
_9311788
245 0 _aPatents Procedures and Practices
250 _a1st
260 _aNew
_bDelhi Universal Law Publishing Co Pvt. Ltd. India
_c2011
300 _a376
650 _aPATENTS
_9705363
700 _a Jain R.K
942 _hZ2,2673, Q1
_cTEXL
999 _c1194750
_d1194750